Progressively Harder Country Flags - Statistics

General Stats
  • This quiz has been taken 129 times
  • The average score is 16 of 17
Answer Stats
Picture Hint Answer % Correct
75% Belgium
100%
95% Canada
100%
80% Norway
100%
90% Russia
100%
85% South Korea
100%
100% United States
100%
70% Vietnam
100%
65% Pakistan
98%
60% North Macedonia
97%
55% Venezuela
95%
50% Syria
91%
40% Laos
90%
35% Haiti
87%
45% Palau
85%
30% Eritrea
77%
25% Grenada
74%
20% Solomon Islands
67%
No matching quizzes found
Score Distribution
Percent of People with Each Score
Percentile by Number Answered
Your Score History
You have not taken this quiz